Your forces and how to use them

Bibliographic Details
Main Author: Larson, Christian D
Corporate Author: Title
Format: Book
Published: Selangor : Masterpiece Publication , 2006
Subjects:

MARC

LEADER 00000cam a2200000 7i4500
001 0000012358
005 20180531.0
008 071213
020 |a 9789833710041 
020 |a 9833710042 
090 0 0 |a 153   |b LAR 
100 1 |a Larson, Christian D 
245 1 0 |a Your forces and how to use them   |c Christian D. Larson 
260 |a Selangor :   |b Masterpiece Publication ,   |c 2006 
650 0 |a Critical thinking 
650 0 |a English fiction 
650 0 |a Self-psychology 
650 0 |a Thought and thinking 
710 0 |a Title 
999 |a 0000936706   |b Book   |c Adult Collection   |e Cawangan Bandar Tenggara 
999 |a 0001003843   |b Book   |c Adult Collection   |e Cawangan Tangkak